000 00666cam a2200133 4500500
005 20260329000451.0
041 _afre
042 _adc
100 1 0 _aKnittel, Fabien
_eauthor
245 0 0 _aVivre à la campagne en France, de 1815 aux années 1970 : Capes Agrégation Histoire-Géographie
260 _bArmand Colin,
_c2024.
520 _aUn manuel dédié à la nouvelle question au programme du CAPES d’histoire-géographie, rédigé par des universitaires spécialistes.
856 4 1 _uhttps://shs.cairn.info/vivre-a-la-campagne-en-france-de-1815-aux-annees-1970-capes-agregation-histoire-geographie--9782200639402?lang=fr&redirect-ssocas=7080
999 _c1796033
_d1796033